LEADER 01163nam a2200337 i 4500 001 991000770209707536 005 20020507173351.0 008 940730s1982 ca ||| | eng 020 $a2760605598 035 $ab10754830-39ule_inst 035 $aLE01302054$9ExL 040 $aDip.to Matematica$beng 082 0 $a530.143 084 $aAMS 53A50 084 $aAMS 81-06 084 $aAMS 81-XX 084 $aQC20.7.D52 100 1 $aWells, Raimond O'Neil jr.$0534947 245 10$aComplex geometry in mathematical physics /$cR. O. Wells ; notes by Robert Pool 260 $aMontreal, Quebec, Canada :$bPresses Univ. Montreal,$c1982 300 $a168 p. :$bill. ;$c28 cm. 500 $aBibliography: p. [163]-168 650 4$aComplex manifolds 650 4$aMathematical physics 650 4$aTwistor theory 907 $a.b10754830$b21-09-06$c28-06-02 912 $a991000770209707536 945 $aLE013 81E WEL11 (1982)$g1$i2013000006468$lle013$o-$pE0.00$q-$rl$s- $t0$u0$v0$w0$x0$y.i10848976$z28-06-02 996 $aComplex geometry in mathematical physics$9911292 997 $aUNISALENTO 998 $ale013$b01-01-94$cm$da $e-$feng$gxx $h0$i1